| 000 | 00466cam a2200181ua 4500 | ||
|---|---|---|---|
| 001 | 9863 | ||
| 008 | 160228n II |||gr||||Z||||||hin | ||
| 040 | _aMAIN | ||
| 041 | _aEnglish | ||
| 082 | _a891.43 CHA | ||
| 100 | _aCHAUDHURY ,DR. LALSINGH . | ||
| 245 | _aRAS ,CHANDA AUR ALANKAR ( HINDI ) | ||
| 260 |
_aDELHI: _bMODERN PRESS & PUB., _c2008. |
||
| 300 |
_a96.: _c20CM. |
||
| 653 | _aHindi Books | ||
| 700 |
_aCHAUDHURY ,DR. LALSINGH ., _eAuthor. |
||
| 942 | _cBK | ||
| 999 |
_c9834 _d9834 |
||